| 000 | 03591nam0a2200385 4500 | ||
|---|---|---|---|
| 001 | RU\NLR\bibl\1671504 | ||
| 005 | 20250616044538.0 | ||
| 010 |
_a978-5-9765-0881-1 _bФлинта |
||
| 010 |
_a978-5-02-037233-7 _bНаука |
||
| 021 |
_aRU _b2010-59398 _93889 |
||
| 035 | _a(nilc)LIBNET\0000097085 | ||
| 035 | _a(NLR Aleph) 001662761 | ||
| 090 |
_a992091 _c992091 |
||
| 100 | _a20110117d2010 |||y0rusy50 ca | ||
| 101 | 0 | _arus | |
| 102 | _aRU | ||
| 105 | _ay ||||||||| | ||
| 200 | 1 |
_aРусское родство _eпрошлое и настоящее _fБ. Н. Казаченко |
|
| 210 |
_aМосква _cФлинта _cНаука _d2010 |
||
| 215 |
_a301, [1] с. _cил., табл. _d21 |
||
| 320 | _aБиблиогр. в конце кн. (171, 14 назв.) | ||
| 330 | _aЭта книга о русском родстве. Первая ее часть является Сводом основополагающих сведений о семейно-родственных отношениях русского народа. Вторая часть = содержит полезную информацию о родстве. Третья часть книги призвана помочь русскоговорящему Человеку сориентироваться в терминологии русского родства. Оно всегда было настолько всеобъемлющим и многогранным, что постигать его можно лишь комплексно, чувствуя образ мышления предков.- | ||
| 330 |
_9^^ _aВ работе рассмотрены все виды естественного и фиктивного родства, а также происходящие из них термины семейно-родственных отношений. Эти родственные связи невидимыми нитями объединяли и роднили между собой всё народонаселение Отечества в истекшем тысячелетии. Очень хочется, чтобы они сохранялись в веках и способствовали отражению агрессивного натиска западной цивилизации. Книга снабжена множеством рисунков и схем родства, что превращает ее в уникальный справочник и удобное руководство, не имеющее себе аналогов.- |
||
| 330 |
_9^^ _aКнига рассчитана на всех русскоговорящих людей, проявляющих интерес к истории своей семьи, истории своего Рода. Она будет полезна всем: от домохозяйки до президента, а также всем православным христианам, готовящимся к вступлению в брак |
||
| 606 | 1 |
_aРусские _xРодство _xСистемы _92614563 _3RU\NLR\auth\661551121 |
|
| 686 |
_a60.561.52 _vLBC/M _2rubbk |
||
| 686 |
_a63.521(=411.2)-53 _vLBC/M _2rubbk |
||
| 686 | _aТ3(2)0-2 | ||
| 686 | _aТ52(2=Р)-5 | ||
| 700 | 1 |
_4070 _7ca _8rus _aКазаченко _bБ. Н. _f1949- _gБорис Николаевич _9186578 _3RU\NLR\AUTH\770186629 |
|
| 801 | 0 |
_aRU _bМурманская ГОУНБ _c20110117 _grcr |
|
| 801 | 1 |
_aRU _bМурманская ГОУНБ _c20110117 _grcr _2rusmarc |
|
| 801 | 2 |
_aRU _bNLR _c20100906 _grcr |
|
| 942 | _cBOOK | ||
| 980 | _aNB | ||